000 00479nam a2200181Ia 4500
005 20250326124537.0
008 250326s9999 xx 000 0 und d
037 _aTextbook
040 _aFMSL
_beng
_cFMSL
041 _aeng
_2eng
084 _aX:8 K7;1
_qFMSL
100 _aBoyce R O
245 0 _aIntegrated managerial controls
_cBoyce R O
260 _aLondon
_bLondon, Longmans
_c1967
300 _a372p
942 _cTB
_hX:8 K7;1
999 _c1274110
_d1274110